[Event "Madrid 2023-2024ch - Previa A"]
[Site "Madrid ESP"]
[Date "2024.02.12"]
[Round "3.21"]
[White "Camarero Izquierdo, Juan Carlos"]
[Black "Diaz Begonte, Manuel"]
[Result "0-1"]
[WhiteElo "1725"]
[BlackElo "1509"]
[PlyCount "144"]
[EventDate "2024.02.05"]
[EventType "swiss"]
[EventRounds "9"]
[EventCountry "ESP"]
[SourceTitle "Ajedrez en Madrid"]
[Source "lmi"]
[SourceDate "2024.02.06"]
[SourceVersion "1"]
[SourceVersionDate "2024.03.02"]
[SourceQuality "1"]

1. d4 d5 2. Nc3 g6 3. Bf4 c6 4. Qd2 Nf6 5. f3 Nh5 6. Be5 Bg7 7. Bxg7 Nxg7 8. e4
dxe4 9. fxe4 e5 10. Qh6 Qf6 11. dxe5 Qxe5 12. Nf3 Qf6 13. O-O-O Ne6 14. Kb1 Qf4
15. Qh3 Nd7 16. Bd3 Ne5 17. Ne2 Qf6 18. Qg3 Nxf3 19. gxf3 Qg5 20. Qf2 Qc5 21.
Qg2 Bd7 22. Nc1 O-O-O 23. Nb3 Qg5 24. Qf2 Kb8 25. Bc4 Qf4 26. Bxe6 Bxe6 27. Nc5
Bc8 28. Nd3 Qc7 29. f4 Rhe8 30. e5 Bf5 31. Nc1 Qb6 32. Qh4 h5 33. Rd6 Rxd6 34.
exd6 Qc5 35. Nd3 Qxd6 36. Ne5 Be6 37. Re1 Kc7 38. Qf2 Rd8 39. Nd3 b6 40. Rc1
Bf5 41. Ne5 f6 42. Nf7 Qd4 43. Qe2 Rd7 44. Nh6 Qxf4 45. Ng8 Qe5 46. Qa6 Kb8 47.
Nh6 Be6 48. Qa3 Qd6 49. Qf3 Qd5 50. Qg3+ Kb7 51. c4 Qd3+ 52. Qxd3 Rxd3 53. Re1
Bxc4 54. Re7+ Ka6 55. Rg7 Rd2 56. h4 Bd3+ 57. Kc1 Rc2+ 58. Kd1 Rxb2 59. Ng8 Rh2
60. Nxf6 Rxh4 61. Kd2 Bf5 62. Kc3 Rh3+ 63. Kb2 Rh2+ 64. Ka1 Rh1+ 65. Kb2 h4 66.
Ne8 h3 67. Ka3 b5 68. Kb4 Kb6 69. Nd6 a5+ 70. Kc3 Rc1+ 71. Kd4 h2 72. Nc8+ Bxc8
0-1

[Event "Madrid 2023-2024ch - Previa A"]
[Site "Madrid ESP"]
[Date "2024.02.12"]
[Round "3.22"]
[White "Mejias Gonzalez, Pedro"]
[Black "Morgado Manzanedo, Antonio"]
[Result "0-1"]
[WhiteElo "1500"]
[BlackElo "1722"]
[PlyCount "70"]
[EventDate "2024.02.05"]
[EventType "swiss"]
[EventRounds "9"]
[EventCountry "ESP"]
[SourceTitle "Ajedrez en Madrid"]
[Source "lmi"]
[SourceDate "2024.02.06"]
[SourceVersion "1"]
[SourceVersionDate "2024.03.02"]
[SourceQuality "1"]

1. b3 e5 2. Bb2 Nc6 3. d3 Nf6 4. e4 Bc5 5. Nf3 d6 6. h3 h6 7. Be2 Be6 8. O-O
Qd7 9. c4 g5 10. Nh2 Nd4 11. Nd2 Nxe2+ 12. Qxe2 g4 13. hxg4 Nxg4 14. Ndf3 O-O-O
15. d4 exd4 16. Bxd4 Bxd4 17. Nxd4 Rdg8 18. Nxe6 Nxh2 19. Kxh2 fxe6 20. f4 Qe7
21. Qh5 Rh7 22. Qh3 Rhg7 23. Rh1 Rxg2+ 24. Qxg2 Rxg2+ 25. Kxg2 Qg7+ 26. Kf3
Qc3+ 27. Kg4 Qg7+ 28. Kf3 h5 29. Rag1 Qc3+ 30. Ke2 Qd4 31. Kf3 Qd3+ 32. Kf2
Qxe4 33. Rg8+ Kd7 34. Rxh5 Qxf4+ 35. Kg1 Qe3+ 0-1

[Event "Madrid 2023-2024ch - Previa A"]
[Site "Madrid ESP"]
[Date "2024.02.12"]
[Round "3.24"]
[White "Carbo de Haya, Jaime"]
[Black "Laveda Ayllon, Jose David"]
[Result "0-1"]
[WhiteElo "1297"]
[BlackElo "1703"]
[PlyCount "66"]
[EventDate "2024.02.05"]
[EventType "swiss"]
[EventRounds "9"]
[EventCountry "ESP"]
[SourceTitle "Ajedrez en Madrid"]
[Source "lmi"]
[SourceDate "2024.02.06"]
[SourceVersion "1"]
[SourceVersionDate "2024.03.02"]
[SourceQuality "1"]

1. e4 e6 2. d4 d5 3. Nd2 dxe4 4. Nxe4 Nd7 5. Nf3 Ngf6 6. Bd3 c5 7. Nxf6+ Nxf6
8. dxc5 Bxc5 9. O-O O-O 10. Bg5 Be7 11. Qe2 h6 12. Bf4 Nd5 13. Bd2 Qc7 14. c4
Nf4 15. Bxf4 Qxf4 16. Rac1 b6 17. Be4 Rb8 18. Rc2 Rd8 19. g3 Qf6 20. Rd2 Ba6
21. b3 Rxd2 22. Nxd2 Qb2 23. Bb1 Bb7 24. Qd3 g6 25. Qd7 Bf6 26. Bxg6 fxg6 27.
Qxe6+ Kh7 28. Qf7+ Bg7 29. Qf4 Rf8 30. Qe3 Qxa2 31. h4 Qc2 32. Re1 Qf5 33. Kh2
Qxf2+ 0-1

[Event "Madrid 2023-2024ch - Previa A"]
[Site "Madrid ESP"]
[Date "2024.02.12"]
[Round "3.25"]
[White "Lopez Heras, Arturo"]
[Black "Sanchez Liso, Juan A"]
[Result "0-1"]
[WhiteElo "1702"]
[BlackElo "1507"]
[PlyCount "118"]
[EventDate "2024.02.05"]
[EventType "swiss"]
[EventRounds "9"]
[EventCountry "ESP"]
[SourceTitle "Ajedrez en Madrid"]
[Source "lmi"]
[SourceDate "2024.02.06"]
[SourceVersion "1"]
[SourceVersionDate "2024.03.02"]
[SourceQuality "1"]

1. e4 c5 2. Nf3 e6 3. d4 cxd4 4. Nxd4 Nc6 5. Nc3 a6 6. Be2 Qc7 7. O-O Nf6 8.
Be3 b5 9. a3 Bb7 10. f3 Rc8 11. Qd2 Bc5 12. Kh1 Qb6 13. Rad1 O-O 14. Nxc6 Bxe3
15. Ne7+ Kh8 16. Nxc8 Rxc8 17. Qd6 Qd8 18. e5 Nd5 19. Nxd5 Bc5 20. Nc3 Bxd6 21.
Rxd6 Bc6 22. Rfd1 Qg5 23. Bd3 Qxe5 24. Be4 g6 25. Bxc6 dxc6 26. Rd7 Qf6 27. Ne4
Rf8 28. Rc7 Qe5 29. Nd6 Kg7 30. Rxc6 Qxb2 31. Rc7 Qxa3 32. Ne4 Rd8 33. Rf1 Qa5
34. Rb7 b4 35. h4 Qh5 36. g3 h6 37. Kg2 a5 38. Rc7 Qe5 39. Ra7 Rc8 40. Rf2 Rc7
41. Ra6 Qb5 42. Ra8 a4 43. Nd6 Qc6 44. Ne8+ Kh7 45. Nxc7 Qxc7 46. Rxa4 Qc5 47.
Ra8 e5 48. Re2 Kg7 49. Re8 f6 50. Rd2 Kf7 51. Red8 Ke6 52. g4 f5 53. Re8+ Kf7
54. Rh8 fxg4 55. fxg4 Qc6+ 56. Kh2 e4 57. Rxh6 Qc7+ 58. Kg2 Qc3 59. Re2 Qf3+
0-1

[Event "Madrid 2023-2024ch - Previa A"]
[Site "Madrid ESP"]
[Date "2024.02.12"]
[Round "3.26"]
[White "Sanchez Arriola, Ignacio"]
[Black "Urosa Sanchez, Pablo"]
[Result "1/2-1/2"]
[WhiteElo "1626"]
[BlackElo "1502"]
[PlyCount "61"]
[EventDate "2024.02.05"]
[EventType "swiss"]
[EventRounds "9"]
[EventCountry "ESP"]
[SourceTitle "Ajedrez en Madrid"]
[Source "lmi"]
[SourceDate "2024.02.06"]
[SourceVersion "1"]
[SourceVersionDate "2024.03.02"]
[SourceQuality "1"]

1. d4 d5 2. c4 e6 3. Nf3 Nf6 4. g3 dxc4 5. Qa4+ Nbd7 6. Bg2 Be7 7. O-O O-O 8.
Qxc4 c5 9. dxc5 Bxc5 10. b4 Bd6 11. Bb2 Qe7 12. a3 Nb6 13. Qh4 Nfd5 14. Qxe7
Bxe7 15. Nc3 Nxc3 16. Bxc3 Nd5 17. Bb2 Bd7 18. Rfd1 Rac8 19. Ne5 Ba4 20. Rd2
Bg5 21. f4 Bf6 22. Kf2 Rc7 23. Nd3 Bxb2 24. Nxb2 Bc6 25. Rc1 Rfc8 26. Rdc2 a6
27. Nd3 f6 28. e4 Ne7 29. a4 b5 30. axb5 axb5 31. Ke3 1/2-1/2

[Event "Madrid 2023-2024ch - Previa A"]
[Site "Madrid ESP"]
[Date "2024.02.12"]
[Round "3.27"]
[White "Perez Suchan, Saul Mario"]
[Black "Martin-Consuegra Barrilero, Javi"]
[Result "0-1"]
[WhiteElo "1561"]
[BlackElo "1673"]
[PlyCount "92"]
[EventDate "2024.02.05"]
[EventType "swiss"]
[EventRounds "9"]
[EventCountry "ESP"]
[SourceTitle "Ajedrez en Madrid"]
[Source "lmi"]
[SourceDate "2024.02.06"]
[SourceVersion "1"]
[SourceVersionDate "2024.03.02"]
[SourceQuality "1"]

1. e3 d6 2. c4 Nf6 3. d4 c6 4. Nc3 Bf5 5. Bd3 Bxd3 6. Qxd3 Nbd7 7. b4 g6 8. Bb2
Bg7 9. h4 a5 10. b5 O-O 11. a4 Re8 12. Nf3 d5 13. bxc6 bxc6 14. cxd5 Nxd5 15.
Nxd5 cxd5 16. h5 Nf6 17. hxg6 hxg6 18. Nh4 e6 19. Ba3 Ne4 20. Rc1 Qb6 21. Ke2
Qa6 22. Qxa6 Rxa6 23. Rc7 e5 24. Rd7 Nc3+ 25. Kd3 exd4 26. exd4 Ne4 27. Rf1 Nf6
28. Rb7 Bf8 29. Bc1 Bb4 30. Rb5 Rc6 31. Bd2 Bxd2 32. Kxd2 Ne4+ 33. Kd1 Nc3+ 34.
Kd2 Nxb5 35. axb5 Rb6 36. Nf3 Rxb5 37. Ne5 a4 38. Nd3 a3 39. Ra1 Ra8 40. Ra2
Kg7 41. g4 g5 42. f3 f6 43. Kc3 Kf7 44. Nb4 Ke6 45. Re2+ Kd6 46. Ra2 Rc8+ 0-1

[Event "Madrid 2023-2024ch - Previa A"]
[Site "Madrid ESP"]
[Date "2024.02.12"]
[Round "3.28"]
[White "Rubio Rivera, Felix"]
[Black "Aldea Moreno, Marina"]
[Result "1/2-1/2"]
[WhiteElo "1491"]
[BlackElo "1663"]
[PlyCount "98"]
[EventDate "2024.02.05"]
[EventType "swiss"]
[EventRounds "9"]
[EventCountry "ESP"]
[SourceTitle "Ajedrez en Madrid"]
[Source "lmi"]
[SourceDate "2024.02.06"]
[SourceVersion "1"]
[SourceVersionDate "2024.03.02"]
[SourceQuality "1"]

1. d4 Nf6 2. c4 g6 3. Nf3 Bg7 4. g3 O-O 5. Bg2 c6 6. Nc3 d5 7. cxd5 cxd5 8. O-O
Nc6 9. Bf4 Qb6 10. Qb3 Qxb3 11. axb3 a6 12. e3 Bf5 13. Ne5 Nb4 14. Bg5 Rfd8 15.
Ra4 a5 16. Rfa1 b6 17. Nc4 Rab8 18. Bf4 Rb7 19. Nxb6 Rxb6 20. Bc7 Rbb8 21. Bxb8
Rxb8 22. Rxa5 e6 23. Ra8 Rxa8 24. Rxa8+ Bf8 25. Bf1 Bc2 26. Na4 Bxb3 27. Nc5
Bc2 28. f3 Kg7 29. Kf2 e5 30. Rc8 exd4 31. exd4 Bf5 32. Rc7 h5 33. h3 g5 34. g4
hxg4 35. hxg4 Bg6 36. Ne6+ Kg8 37. Nxf8 Kxf8 38. Rb7 Nc2 39. b4 Nxd4 40. b5 Ne8
41. b6 Ne6 42. Rb8 Nc5 43. Bb5 f6 44. Bxe8 Bxe8 45. b7 Nxb7 46. Rxb7 Bf7 47.
Ke3 Kg7 48. Kd4 Kg6 49. Rb6 Bg8 1/2-1/2

[Event "Madrid 2023-2024ch - Previa A"]
[Site "Madrid ESP"]
[Date "2024.02.12"]
[Round "3.30"]
[White "Rodriguez Rodriguez, Ricardo"]
[Black "Marin Aso, Jose Luis"]
[Result "0-1"]
[WhiteElo "1685"]
[BlackElo "1859"]
[PlyCount "38"]
[EventDate "2024.02.05"]
[EventType "swiss"]
[EventRounds "9"]
[EventCountry "ESP"]
[SourceTitle "Ajedrez en Madrid"]
[Source "lmi"]
[SourceDate "2024.02.06"]
[SourceVersion "1"]
[SourceVersionDate "2024.03.02"]
[SourceQuality "1"]

1. b3 e5 2. Bb2 Nc6 3. e3 d5 4. Bb5 Nge7 5. Bxe5 a6 6. Bxc6+ Nxc6 7. Bb2 Qg5 8.
a3 Qxg2 9. Qf3 Bh3 10. Qxh3 Qxh1 11. Qg3 Bd6 12. f4 O-O-O 13. d3 d4 14. e4 Bxf4
15. Qg4+ f5 16. Qxf5+ Kb8 17. Qxf4 Qxg1+ 18. Ke2 Rhf8 19. Nd2 Qg2+ 0-1

[Event "Madrid 2023-2024ch - Previa A"]
[Site "Madrid ESP"]
[Date "2024.02.12"]
[Round "3.31"]
[White "Calle Trueba, Jose Antonio"]
[Black "Martinez Pintor, Juan"]
[Result "1-0"]
[WhiteElo "1378"]
[BlackElo "1566"]
[PlyCount "56"]
[EventDate "2024.02.05"]
[EventType "swiss"]
[EventRounds "9"]
[EventCountry "ESP"]
[SourceTitle "Ajedrez en Madrid"]
[Source "lmi"]
[SourceDate "2024.02.06"]
[SourceVersion "1"]
[SourceVersionDate "2024.03.02"]
[SourceQuality "1"]

1. e4 e6 2. d4 d5 3. Nd2 c5 4. exd5 Qxd5 5. Ngf3 cxd4 6. Bc4 Qd6 7. O-O Nf6 8.
Nb3 Nc6 9. Nbxd4 Nxd4 10. Nxd4 a6 11. c3 Qc7 12. Bb3 Bd6 13. Nf3 h6 14. Re1 O-O
15. Be3 Re8 16. Qd4 e5 17. Qc4 Qe7 18. Rad1 Be6 19. Qh4 Bxb3 20. axb3 Rad8 21.
Bb6 Bc7 22. Rxd8 Qxd8 23. Bxc7 Qxc7 24. Qc4 Qd6 25. h3 e4 26. Nd4 Qf4 27. Qe2
Nd7 28. Qg4 Qc1 1-0

[Event "Madrid 2023-2024ch - Previa A"]
[Site "Madrid ESP"]
[Date "2024.02.12"]
[Round "3.32"]
[White "Martinez Miura, Enrique"]
[Black "Lopez Manso, Jeronimo"]
[Result "1-0"]
[WhiteElo "1495"]
[BlackElo "1298"]
[PlyCount "69"]
[EventDate "2024.02.05"]
[EventType "swiss"]
[EventRounds "9"]
[EventCountry "ESP"]
[SourceTitle "Ajedrez en Madrid"]
[Source "lmi"]
[SourceDate "2024.02.06"]
[SourceVersion "1"]
[SourceVersionDate "2024.03.02"]
[SourceQuality "1"]

1. e4 Nf6 2. Nc3 d5 3. exd5 Nxd5 4. Nxd5 Qxd5 5. Nf3 Bg4 6. Be2 e5 7. d3 Bd6 8.
O-O Nc6 9. Bd2 O-O 10. h3 Bh5 11. Nh2 Bxe2 12. Qxe2 f5 13. Bc3 Rae8 14. Rad1
Nd4 15. Qd2 c5 16. Rfe1 f4 17. Bxd4 cxd4 18. a3 Rf6 19. Re4 Qf7 20. f3 Qh5 21.
Qe2 Rg6 22. Ng4 Qg5 23. Re1 Rge6 24. Kh1 h5 25. Nh2 Qf5 26. Nf1 Be7 27. Nd2 Bh4
28. Rf1 b5 29. Nb3 Be7 30. Nxd4 exd4 31. Rxe6 Kf7 32. Re1 Qg5 33. Re5 Qf6 34.
Rxb5 Rc8 35. Rb7 1-0

[Event "Madrid 2023-2024ch - Previa A"]
[Site "Madrid ESP"]
[Date "2024.02.12"]
[Round "3.33"]
[White "Ropero Galan, Samuel"]
[Black "Villodre Miranda, Juan Alonso"]
[Result "0-1"]
[WhiteElo "1380"]
[BlackElo "1541"]
[PlyCount "104"]
[EventDate "2024.02.05"]
[EventType "swiss"]
[EventRounds "9"]
[EventCountry "ESP"]
[SourceTitle "Ajedrez en Madrid"]
[Source "lmi"]
[SourceDate "2024.02.06"]
[SourceVersion "1"]
[SourceVersionDate "2024.03.02"]
[SourceQuality "1"]

1. e4 g6 2. d4 Bg7 3. Nf3 c6 4. Bc4 d5 5. exd5 cxd5 6. Bb3 Nf6 7. Bf4 Bg4 8. h3
Bd7 9. Nc3 Bc6 10. Qe2 O-O 11. O-O-O h6 12. g4 Ne4 13. Qe3 g5 14. Bxb8 Nxc3 15.
bxc3 Rxb8 16. h4 f6 17. Rde1 e5 18. hxg5 exd4 19. Nxd4 Re8 20. Ne6 Qd7 21. gxh6
Bh8 22. h7+ Kf7 23. g5 Rxe6 24. g6+ Ke7 25. Qc5+ Qd6 26. Rxe6+ Kxe6 27. Re1+
Kd7 28. Qxd6+ Kxd6 29. Kd2 Be8 30. Rg1 Bg7 31. f4 f5 32. Kd3 Ke6 33. h8=Q Bb5+
34. c4 Bxc4+ 35. Bxc4 dxc4+ 36. Kxc4 Rxh8 37. Rd1 Rc8+ 38. Kb3 Rc7 39. c4 Rd7
40. Rxd7 Kxd7 41. Kb4 Kc6 42. a4 Bf6 43. c5 b6 44. cxb6 axb6 45. Kc4 Bg7 46.
Kb4 Kb7 47. Kb5 Ka7 48. Kb4 Ka6 49. Kb3 Ka5 50. Ka3 b5 51. axb5 Kxb5 52. Kb3
Kc5 0-1

[Event "Madrid 2023-2024ch - Previa A"]
[Site "Madrid ESP"]
[Date "2024.02.12"]
[Round "3.34"]
[White "Benito Mellado, Humberto"]
[Black "De Frutos Illana, Sergio"]
[Result "1-0"]
[WhiteElo "1330"]
[BlackElo "1523"]
[PlyCount "111"]
[EventDate "2024.02.05"]
[EventType "swiss"]
[EventRounds "9"]
[EventCountry "ESP"]
[SourceTitle "Ajedrez en Madrid"]
[Source "lmi"]
[SourceDate "2024.02.06"]
[SourceVersion "1"]
[SourceVersionDate "2024.03.02"]
[SourceQuality "1"]

1. d4 d5 2. c4 c6 3. Nc3 Nf6 4. Nf3 Bg4 5. Ne5 Nbd7 6. Nxg4 Nxg4 7. h3 Ngf6 8.
cxd5 cxd5 9. Bf4 Qb6 10. b3 Rc8 11. Rc1 e6 12. Na4 Rxc1 13. Bxc1 Bb4+ 14. Bd2
Qxd4 15. e3 Bxd2+ 16. Qxd2 Qxd2+ 17. Kxd2 Ne4+ 18. Ke1 O-O 19. Bd3 Rc8 20. Ke2
Ne5 21. Bxe4 dxe4 22. Kd2 f5 23. Rc1 Rxc1 24. Kxc1 Nd3+ 25. Kd2 b6 26. f3 exf3
27. gxf3 Nf2 28. h4 Kf7 29. Ke2 Nh1 30. f4 Ng3+ 31. Kf3 Ne4 32. Nb2 Kg6 33. Kg2
Kh5 34. Kh3 Nf2+ 35. Kg3 Ng4 36. Nd1 h6 37. b4 g5 38. hxg5 hxg5 39. a4 Nf6 40.
Nc3 Nd5 41. Nxd5 exd5 42. b5 gxf4+ 43. Kxf4 Kg6 44. Ke5 Kg5 45. Kxd5 Kf6 46.
Kd6 Kg5 47. Ke5 Kg6 48. e4 f4 49. Kxf4 Kf6 50. e5+ Ke6 51. Ke4 Ke7 52. Kd5 Kd7
53. e6+ Ke7 54. Ke5 Kd8 55. Kd6 Ke8 56. e7 1-0

[Event "Madrid 2023-2024ch - Previa A"]
[Site "Madrid ESP"]
[Date "2024.02.13"]
[Round "4.1"]
[White "Pashov, Spas Nikolov"]
[Black "Ruiz Bellon, Manuel"]
[Result "0-1"]
[WhiteElo "1772"]
[BlackElo "1843"]
[PlyCount "30"]
[EventDate "2024.02.05"]
[EventType "swiss"]
[EventRounds "9"]
[EventCountry "ESP"]
[SourceTitle "Ajedrez en Madrid"]
[Source "lmi"]
[SourceDate "2024.02.06"]
[SourceVersion "1"]
[SourceVersionDate "2024.03.02"]
[SourceQuality "1"]

1. e4 c6 2. d4 d5 3. exd5 cxd5 4. c4 Nf6 5. Nc3 Nc6 6. Bg5 e6 7. c5 Be7 8. Nf3
h6 9. Bxf6 Bxf6 10. Bb5 O-O 11. O-O Qc7 12. Re1 Rb8 13. Qa4 Ne7 14. Qxa7 Bd7
15. a4 Nc8 0-1

[Event "Madrid 2023-2024ch - Previa A"]
[Site "Madrid ESP"]
[Date "2024.02.13"]
[Round "4.3"]
[White "Jafar Hussain, Yaser"]
[Black "Lopez de Turiso Sanchez, Jose An"]
[Result "1-0"]
[WhiteElo "1752"]
[BlackElo "1915"]
[PlyCount "59"]
[EventDate "2024.02.05"]
[EventType "swiss"]
[EventRounds "9"]
[EventCountry "ESP"]
[SourceTitle "Ajedrez en Madrid"]
[Source "lmi"]
[SourceDate "2024.02.06"]
[SourceVersion "1"]
[SourceVersionDate "2024.03.02"]
[SourceQuality "1"]

1. d4 Nf6 2. Bf4 c5 3. e3 Nd5 4. Bg3 Qb6 5. c4 Qxb2 6. cxd5 Qxa1 7. Qc2 e6 8.
Nf3 Na6 9. Bxa6 bxa6 10. O-O cxd4 11. Be5 Bb7 12. Bxd4 Qxd4 13. Nxd4 Bxd5 14.
Nc3 Bc4 15. Nce2 Rc8 16. Qa4 Ke7 17. Rc1 d5 18. Nc6+ Kf6 19. Na5 Bd6 20. Nxc4
dxc4 21. Rxc4 Rb8 22. g3 Rb6 23. Rc6 Rhb8 24. Qh4+ Kg6 25. Nf4+ Bxf4 26. Qxf4
Rb1+ 27. Kg2 R8b2 28. Rxa6 Rb4 29. e4 Re1 30. Rxa7 1-0

[Event "Madrid 2023-2024ch - Previa A"]
[Site "Madrid ESP"]
[Date "2024.02.13"]
[Round "4.4"]
[White "Martin Rodriguez, Emilio"]
[Black "Garcia Galeote, Lorenzo"]
[Result "1-0"]
[WhiteElo "1964"]
[BlackElo "1801"]
[PlyCount "89"]
[EventDate "2024.02.05"]
[EventType "swiss"]
[EventRounds "9"]
[EventCountry "ESP"]
[SourceTitle "Ajedrez en Madrid"]
[Source "lmi"]
[SourceDate "2024.02.06"]
[SourceVersion "1"]
[SourceVersionDate "2024.03.02"]
[SourceQuality "1"]

1. d4 d6 2. Bf4 g6 3. Nc3 Bg7 4. e4 e6 5. h4 h5 6. Nf3 Nd7 7. e5 d5 8. Bg5 Ne7
9. Qd2 a6 10. O-O-O c6 11. Kb1 Qc7 12. Qf4 f6 13. exf6 Qxf4 14. fxg7 Rf8 15.
Bxf4 Rxf4 16. Bd3 Kf7 17. Ng5+ Kg8 18. Nxe6 Rf6 19. Rde1 Rb8 20. Nc7 Rf7 21.
Ne8 Nf5 22. Bxf5 gxf5 23. Nd6 Rxg7 24. Re8+ Kh7 25. Rxc8 Rxc8 26. Nxc8 Rxg2 27.
Nd1 Nf6 28. Nd6 f4 29. f3 Rg3 30. Nf7 Kg6 31. Ne5+ Kf5 32. c3 c5 33. Nf2 cxd4
34. cxd4 Ne4 35. fxe4+ dxe4 36. Rf1 Rg2 37. Nd1 Re2 38. Nc3 Rh2 39. Nc4 f3 40.
Nd6+ Kf4 41. Ndxe4 Ke3 42. d5 Rxh4 43. d6 Rg4 44. Nf6 Rd4 45. d7 1-0

[Event "Madrid 2023-2024ch - Previa A"]
[Site "Madrid ESP"]
[Date "2024.02.13"]
[Round "4.5"]
[White "Blazquez Sanz, Oscar"]
[Black "De Vicente Guijarro, Juan"]
[Result "1-0"]
[WhiteElo "1924"]
[BlackElo "1768"]
[PlyCount "59"]
[EventDate "2024.02.05"]
[EventType "swiss"]
[EventRounds "9"]
[EventCountry "ESP"]
[SourceTitle "Ajedrez en Madrid"]
[Source "lmi"]
[SourceDate "2024.02.06"]
[SourceVersion "1"]
[SourceVersionDate "2024.03.02"]
[SourceQuality "1"]

1. e4 e5 2. Nf3 Nf6 3. Nc3 Nc6 4. Bc4 Nxe4 5. Nxe4 d5 6. Bd3 dxe4 7. Bxe4 Bd6
8. O-O O-O 9. Re1 Qf6 10. h3 Bf5 11. d3 h6 12. Bxf5 Qxf5 13. Nh4 Qd7 14. c3 f5
15. Qb3+ Kh7 16. Qxb7 Rab8 17. Qa6 Rb6 18. Qa4 Be7 19. Nf3 Qxd3 20. Nxe5 Nxe5
21. Rxe5 Bd6 22. Re3 Qd5 23. Qd4 Qxd4 24. cxd4 Rd8 25. b3 c5 26. Bb2 Rb4 27.
dxc5 Bxc5 28. Re5 Bxf2+ 29. Kxf2 Rd2+ 30. Re2 1-0

[Event "Madrid 2023-2024ch - Previa A"]
[Site "Madrid ESP"]
[Date "2024.02.13"]
[Round "4.6"]
[White "Marin Aso, Jose Luis"]
[Black "Balsera Gomez, Antonio"]
[Result "1-0"]
[WhiteElo "1859"]
[BlackElo "1711"]
[PlyCount "121"]
[EventDate "2024.02.05"]
[EventType "swiss"]
[EventRounds "9"]
[EventCountry "ESP"]
[SourceTitle "Ajedrez en Madrid"]
[Source "lmi"]
[SourceDate "2024.02.06"]
[SourceVersion "1"]
[SourceVersionDate "2024.03.02"]
[SourceQuality "1"]

1. e4 e5 2. Nf3 Nc6 3. Bb5 a6 4. Ba4 Nf6 5. d3 b5 6. Bb3 d6 7. a4 Bg4 8. c3 Na5
9. Bc2 c5 10. Nbd2 Be7 11. Nf1 h6 12. Ne3 Be6 13. O-O Nc6 14. d4 cxd4 15. cxd4
exd4 16. Nxd4 Nxd4 17. Qxd4 O-O 18. Nd5 Bxd5 19. exd5 Qc7 20. Bd3 Rab8 21. axb5
axb5 22. Bf4 Qb6 23. Qb4 Qb7 24. Rad1 Kh8 25. Qd2 Qxd5 26. Bxh6 Qh5 27. Bf4
Rfe8 28. Bb1 Rbd8 29. Qd4 Qc5 30. Qd3 Qc4 31. Qh3+ Kg8 32. Bg5 Qg4 33. Bh7+ Kf8
34. Qxg4 Nxg4 35. Bxe7+ Rxe7 36. Bd3 Re5 37. h3 Nf6 38. Rfe1 Rde8 39. Kf1 Nd7
40. f4 Rxe1+ 41. Rxe1 Rxe1+ 42. Kxe1 b4 43. Bb5 Nc5 44. Kd2 Ke7 45. Ke3 d5 46.
g4 f6 47. h4 Kd6 48. h5 Ne6 49. Bd3 Kc5 50. b3 Nd4 51. g5 fxg5 52. fxg5 Ne6 53.
h6 d4+ 54. Kd2 gxh6 55. gxh6 Ng5 56. h7 Nf7 57. Bc4 Nh8 58. Kd3 Ng6 59. Ke4 Kd6
60. Kf5 Nh8 61. Kf6 1-0

[Event "Madrid 2023-2024ch - Previa A"]
[Site "Madrid ESP"]
[Date "2024.02.13"]
[Round "4.7"]
[White "Martin-Buitrago Lopez, Antonio"]
[Black "Sanchez Rodriguez, Jaime"]
[Result "0-1"]
[WhiteElo "1739"]
[BlackElo "1791"]
[PlyCount "126"]
[EventDate "2024.02.05"]
[EventType "swiss"]
[EventRounds "9"]
[EventCountry "ESP"]
[SourceTitle "Ajedrez en Madrid"]
[Source "lmi"]
[SourceDate "2024.02.06"]
[SourceVersion "1"]
[SourceVersionDate "2024.03.02"]
[SourceQuality "1"]

1. e4 d5 2. exd5 Qxd5 3. Nc3 Qd6 4. Nf3 Nf6 5. d4 c6 6. h3 Bf5 7. Bd3 Bxd3 8.
Qxd3 Nbd7 9. Be3 e6 10. O-O-O Qc7 11. Kb1 Be7 12. Rhe1 O-O 13. Bg5 Rad8 14. Qe2
Bb4 15. Rd3 Bxc3 16. Rxc3 Nd5 17. Rb3 Rde8 18. Qd2 b5 19. Bh4 N7b6 20. Bg3 Qe7
21. Ng5 Nc4 22. Qc1 a5 23. Ne4 Rd8 24. Nc5 Ndb6 25. Rd3 a4 26. Qf4 Nd5 27. Qg4
Nf6 28. Bh4 Rd5 29. Bxf6 Qxf6 30. f3 Rxc5 31. b3 axb3 32. cxb3 Rg5 33. Qe4 Nb6
34. Qxc6 Nd5 35. g4 Nf4 36. Rd2 Nxh3 37. Rh1 Nf4 38. Qe4 h6 39. Rc2 Rd8 40. Rd1
Rgd5 41. Rcd2 Qg6 42. Kb2 Qxe4 43. fxe4 R5d7 44. Rf1 g5 45. Kc3 Kg7 46. Rfd1 h5
47. gxh5 Nxh5 48. Rg1 Kg6 49. Rgd1 Nf6 50. Re2 Ng4 51. Red2 f5 52. exf5+ exf5
53. Re2 Nf6 54. Re6 Rd6 55. Rxd6 Rxd6 56. Kb4 Nd5+ 57. Kc5 Nc3 58. Re1 Rd5+ 59.
Kc6 Rxd4 60. Re6+ Kh5 61. Re5 f4 62. Kc5 Rd5+ 63. Rxd5 Nxd5 0-1

[Event "Madrid 2023-2024ch - Previa A"]
[Site "Madrid ESP"]
[Date "2024.02.13"]
[Round "4.8"]
[White "Moreno Torrero, Javier"]
[Black "Barahona Torrijos, Angel"]
[Result "0-1"]
[WhiteElo "1879"]
[BlackElo "1717"]
[PlyCount "100"]
[EventDate "2024.02.05"]
[EventType "swiss"]
[EventRounds "9"]
[EventCountry "ESP"]
[SourceTitle "Ajedrez en Madrid"]
[Source "lmi"]
[SourceDate "2024.02.06"]
[SourceVersion "1"]
[SourceVersionDate "2024.03.02"]
[SourceQuality "1"]

1. d4 Nf6 2. Nf3 c5 3. e3 e6 4. Bd3 d5 5. b3 cxd4 6. exd4 Nc6 7. a3 Bd7 8. O-O
Bd6 9. Bb2 Ng4 10. h3 h5 11. Qe2 f5 12. c4 Ne7 13. Nc3 Nf6 14. Ne5 Ne4 15. Nxd7
Kxd7 16. cxd5 exd5 17. Bb5+ Kc8 18. Rac1 Kb8 19. Nxe4 fxe4 20. b4 g5 21. f3 Nf5
22. fxe4 Ng3 23. Qe3 Nxe4 24. Bd3 Bf4 25. Rxf4 gxf4 26. Qxf4+ Qd6 27. Qf5 Ng3
28. Qg5 a6 29. Rc5 Rd8 30. b5 Ka7 31. b6+ Kxb6 32. Bc3 Ka7 33. Bb4 Ne4 34. Qxh5
Rac8 35. Rxc8 Qf6 36. Qf3 Qxd4+ 37. Kh1 Rxc8 38. Bxe4 dxe4 39. Qf4 Rd8 40. Qc7
Rd5 41. Bc3 Qd1+ 42. Kh2 e3 43. Be5 Rd7 44. Qc5+ b6 45. Qxe3 Qd3 46. Qc1 Qe4
47. Bg3 a5 48. Qc8 Qb7 49. Qc4 Rd2 50. h4 Qxg2# 0-1

[Event "Madrid 2023-2024ch - Previa A"]
[Site "Madrid ESP"]
[Date "2024.02.13"]
[Round "4.9"]
[White "Morgado Manzanedo, Antonio"]
[Black "Moya Barba, Diego"]
[Result "0-1"]
[WhiteElo "1722"]
[BlackElo "1844"]
[PlyCount "104"]
[EventDate "2024.02.05"]
[EventType "swiss"]
[EventRounds "9"]
[EventCountry "ESP"]
[SourceTitle "Ajedrez en Madrid"]
[Source "lmi"]
[SourceDate "2024.02.06"]
[SourceVersion "1"]
[SourceVersionDate "2024.03.02"]
[SourceQuality "1"]

1. e4 c5 2. d4 cxd4 3. c3 Nf6 4. e5 Nd5 5. cxd4 d6 6. Nf3 Nc6 7. Bc4 Nb6 8. Bb3
dxe5 9. d5 Na5 10. O-O Nxb3 11. Qxb3 Qxd5 12. Qxd5 Nxd5 13. Nxe5 f6 14. Nf3 e5
15. a3 Be6 16. Nbd2 Be7 17. Ne4 Kf7 18. Bd2 Rhd8 19. Rac1 Rac8 20. Rfe1 Nb6 21.
Bc3 Na4 22. Red1 Rxd1+ 23. Rxd1 Bxa3 24. bxa3 Nxc3 25. Nd6+ Kf8 26. Nxc8 Nxd1
27. Nxa7 Nc3 28. Nd2 Ke7 29. a4 Nxa4 30. Nb5 Kd7 31. Na3 b5 32. Nc2 Kd6 33. Kf1
Kc5 34. Ke2 b4 35. Kd1 Nb2+ 36. Kc1 Nd3+ 37. Kb1 Nxf2 38. Kb2 Kc6 39. g3 Ng4
40. h4 Bd5 41. Nb3 Bxb3 42. Kxb3 Kd5 43. Nxb4+ Ke4 44. Kc3 Kf3 45. Kd3 Kxg3 46.
Ke4 Kxh4 47. Nd5 g6 48. Kf3 f5 49. Kg2 e4 50. Nf4 g5 51. Ne2 f4 52. Ng1 f3+ 0-1